[Event "Reykjavik Open 2015"]
[Site "Reykjavik ISL"]
[Date "2015.03.17"]
[Round "9.77"]
[White "Prieto, Alberto"]
[Black "Stefansson, Vignir Vatnar"]
[Result "1-0"]
[WhiteElo "2045"]
[BlackElo "1909"]
[WhiteFideId "2083426"]
[BlackFideId "2308649"]
[EventDate "2015.03.10"]

1. d4 Nf6 2. Nf3 e6 3. Bg5 d5 4. e3 Be7 5. Bd3 O-O 6. Nbd2 h6 7. Bf4 c5 8. c3
Nc6 9. Ne5 Nxe5 10. dxe5 Nd7 11. h4 c4 12. Bc2 Re8 13. g4 Bxh4 14. Nf3 Bg5 15.
Rh5 g6 16. Rh2 Kg7 17. Qe2 b5 18. O-O-O Rg8 19. Nd4 Qb6 20. Rdh1 Kf8 21. Bg3 b4
22. f4 bxc3 23. bxc3 Be7 24. f5 gxf5 25. Rxh6 Ba3+ 26. Kd1 Qb2 27. Ke1 Qxc3+ 28.
Kf1 Bc5 29. Be1 Qa1 30. Rh8 Bxd4 31. exd4 Rxh8 32. Rxh8+ Ke7 33. Qe3 Nb6 34.
Qa3+ Kd7 35. Qd6# 1-0

[Event "Reykjavik Open 2015"]
[Site "Reykjavik ISL"]
[Date "2015.03.17"]
[Round "9.78"]
[White "Benet Morant, Damia"]
[Black "Hauksdottir, Hrund"]
[Result "1-0"]
[WhiteElo "2044"]
[BlackElo "1692"]
[WhiteFideId "2291959"]
[BlackFideId "2302608"]
[EventDate "2015.03.10"]

1. d4 d5 2. c4 c6 3. e3 Nf6 4. Nf3 Nbd7 5. Bd3 e6 6. b3 Be7 7. O-O O-O 8. Bb2
dxc4 9. bxc4 c5 10. d5 exd5 11. cxd5 Nxd5 12. Bxh7+ Kxh7 13. Qxd5 Nf6 14. Qc4
Nd5 15. Nc3 Be6 16. Rfd1 Qb6 17. Nxd5 Bxd5 18. Qc2+ 1-0

[Event "Reykjavik Open 2015"]
[Site "Reykjavik ISL"]
[Date "2015.03.17"]
[Round "9.79"]
[White "Chan, James"]
[Black "Einarsson, Oskar Long"]
[Result "1-0"]
[WhiteElo "2038"]
[BlackElo "1574"]
[WhiteFideId "2605775"]
[BlackFideId "2309220"]
[EventDate "2015.03.10"]

1. e4 c5 2. Nf3 d6 3. d4 Nf6 4. Nc3 cxd4 5. Nxd4 a6 6. Bg5 e6 7. f4 Qb6 8. Qd2
Qxb2 9. Rb1 Qa3 10. f5 Nc6 11. fxe6 fxe6 12. Nxc6 bxc6 13. e5 dxe5 14. Bxf6 gxf6
15. Ne4 Be7 16. Be2 O-O 17. O-O Qxa2 18. Rb3 Kh8 19. Qh6 f5 20. Rh3 Rf7 21. Qg6
Bc5+ 22. Kh1 Raa7 23. Nf6 Rxf6 24. Qxf6+ Rg7 25. Rg3 1-0

[Event "Reykjavik Open 2015"]
[Site "Reykjavik ISL"]
[Date "2015.03.17"]
[Round "9.80"]
[White "Miszkielo, Bartosz"]
[Black "Thiry, Jean-Christophe"]
[Result "1/2-1/2"]
[WhiteElo "1694"]
[BlackElo "2031"]
[WhiteFideId "1185160"]
[BlackFideId "209015"]
[EventDate "2015.03.10"]

1. e4 e5 2. Nf3 d6 3. d4 Nf6 4. Bg5 Nbd7 5. dxe5 dxe5 6. Nc3 c6 7. Bc4 Be7 8.
O-O O-O 9. Bh4 b5 10. Bd3 Qc7 11. a3 Nc5 12. Bg3 Bd6 13. h3 h6 14. b4 Nxd3 15.
cxd3 Bb7 16. Rc1 Qe7 17. d4 Nd7 18. d5 a6 19. dxc6 Bxc6 20. Nh4 g6 21. Qd2 Nb6
22. Qxh6 Nc4 23. Rfd1 Rfd8 24. Nf3 Qf8 25. Qxf8+ Kxf8 26. Nd5 Bxd5 27. Rxd5 f6
28. Rc3 Kf7 29. Kf1 Ke6 30. Ke2 Rac8 31. Nd2 1/2-1/2

[Event "Reykjavik Open 2015"]
[Site "Reykjavik ISL"]
[Date "2015.03.17"]
[Round "9.82"]
[White "Bjarnason, Vignir"]
[Black "Weichelt, Jens"]
[Result "1/2-1/2"]
[WhiteElo "1895"]
[BlackElo "2132"]
[WhiteFideId "2301504"]
[BlackFideId "4637771"]
[EventDate "2015.03.10"]

1. e4 d5 2. exd5 Qxd5 3. d4 Nf6 4. Nc3 Qa5 5. Bc4 Bg4 6. Nf3 Nc6 7. Be3 Qh5 8.
Be2 O-O-O 9. Qd3 e5 10. Qc4 exd4 11. Nxd4 Nxd4 12. Bxd4 Bxe2 13. Nxe2 Rxd4 14.
Nxd4 Bd6 15. Ne2 Re8 16. f3 Qe5 17. c3 Qe3 18. Rd1 Bc5 19. Rf1 Nd7 20. Qd3 Qe6
21. f4 Nf6 22. Rd2 Ne4 23. f5 Qe7 24. Rd1 Bd6 25. g3 h5 26. Rf3 Nc5 27. Qc2 h4
28. Kf1 Ne4 29. Kg2 Ng5 30. Rf2 h3+ 31. Kf1 Ne4 32. Rf3 Ng5 33. Rf2 Ne4 34. Rf3
Ng5 1/2-1/2

[Event "Reykjavik Open 2015"]
[Site "Reykjavik ISL"]
[Date "2015.03.17"]
[Round "9.83"]
[White "Sandberg, Martin"]
[Black "Thorsteinsson, Erlingur"]
[Result "0-1"]
[WhiteElo "1889"]
[BlackElo "2119"]
[WhiteFideId "1707159"]
[BlackFideId "2301091"]
[EventDate "2015.03.10"]

1. e4 e5 2. Nf3 Nc6 3. Bb5 Nf6 4. O-O Nxe4 5. d4 Be7 6. dxe5 O-O 7. Qe2 d6 8.
exd6 Nxd6 9. Bxc6 bxc6 10. h3 Re8 11. Qd1 Bb7 12. Nc3 Bf6 13. Bf4 Qd7 14. Qd2
Rad8 15. Na4 Qf5 16. Rfe1 c5 17. Rxe8+ Rxe8 18. Bxd6 cxd6 19. Qxd6 Bxf3 20. gxf3
Qxc2 21. Qd7 Rd8 22. Qxa7 Bd4 23. Rf1 g6 24. Nc3 Qf5 25. Qc7 Qg5+ 26. Kh1 Re8
27. Qd7 Re5 28. Ne4 Qh4 29. Nd6 Qf6 30. Qc8+ Kg7 31. Ne8+ Rxe8 32. Qxe8 Qxf3+
33. Kh2 Qf4+ 34. Kg2 Qg5+ 35. Kf3 Qf5+ 36. Kg2 Qd5+ 37. f3 Qxa2 38. Qe2 Qd5 39.
Qe4 Qg5+ 40. Kh1 Bxb2 41. Qc2 Bd4 42. f4 Qh4 43. Qd3 Qd8 44. Qf3 f5 45. Rb1 Kh6
46. Qc6 Qe7 47. Qb7 Qe3 48. Kg2 Qf2+ 49. Kh1 Qxf4 50. Qa8 c4 51. Qf8+ Kh5 52.
Qa8 c3 53. Qg2 Be3 54. Rf1 Qe4 55. Rf3 c2 56. Rxf5+ 0-1

[Event "Reykjavik Open 2015"]
[Site "Reykjavik ISL"]
[Date "2015.03.17"]
[Round "9.84"]
[White "Kolka, Dawid"]
[Black "Van den Bersselaar, Jeroen"]
[Result "0-1"]
[WhiteElo "1875"]
[BlackElo "2083"]
[WhiteFideId "2308010"]
[BlackFideId "1006282"]
[EventDate "2015.03.10"]

1. e4 c6 2. d4 d5 3. e5 Bf5 4. Nf3 e6 5. Be2 Nd7 6. Nbd2 Bg6 7. O-O Nh6 8. Nb3
Nf5 9. c3 Be7 10. Re1 O-O 11. Bd3 c5 12. dxc5 Nxc5 13. Nxc5 Bxc5 14. Bxf5 Bxf5
15. Be3 Rc8 16. Qd2 a6 17. Rac1 b5 18. a3 Be4 19. Ng5 Bg6 20. Bd4 Be7 21. Nf3
Be4 22. Qe3 h6 23. Nd2 Bf5 24. Nf3 g5 25. h3 Rc6 26. g4 Bg6 27. Nd2 Qc7 28. Kg2
Kh7 29. f3 a5 30. Nf1 Bc5 31. Ng3 Bxd4 32. cxd4 Rc8 33. Ne2 b4 34. Rxc6 Qxc6 35.
Rc1 Qb7 36. Rxc8 Qxc8 37. Qc1 Qc4 38. Kf2 Bd3 39. Qxc4 dxc4 40. axb4 axb4 41.
Nc1 Bc2 42. Ke2 Kg7 43. Kd2 Bb1 44. Ke3 Kf8 45. b3 c3 46. d5 exd5 47. Kd4 Bc2
48. Kxd5 Bd1 49. Kc4 Bxf3 50. Kxb4 c2 51. Kc3 Be4 52. b4 Ke7 53. Ne2 Bf3 54. Nc1
Bg2 55. Kxc2 Bxh3 56. Kd3 Bxg4 57. Ke4 Bd7 58. Nd3 h5 59. Nc5 Bc6+ 60. Kf5 h4
61. Kg4 Bd7+ 62. Kf3 g4+ 63. Kg2 Bc6+ 64. Kh2 Kf8 65. Nd3 Kg7 66. Nf4 Kh6 67. e6
fxe6 68. Nxe6 g3+ 69. Kg1 h3 0-1

[Event "Reykjavik Open 2015"]
[Site "Reykjavik ISL"]
[Date "2015.03.17"]
[Round "9.85"]
[White "Hauksson, Hordur Aron"]
[Black "Martinez Lopez, Jaime"]
[Result "0-1"]
[WhiteElo "1853"]
[BlackElo "2044"]
[WhiteFideId "2303680"]
[BlackFideId "2211254"]
[EventDate "2015.03.10"]

1. d4 d6 2. Nf3 Bg4 3. e4 Nf6 4. Nc3 e6 5. Bg5 Be7 6. Qd2 c6 7. O-O-O d5 8. h3
Bh5 9. e5 Nfd7 10. Bxe7 Qxe7 11. g4 Bg6 12. Ng1 h5 13. f3 a6 14. Bg2 hxg4 15.
hxg4 Rxh1 16. Bxh1 c5 17. f4 cxd4 18. Qxd4 Nc6 19. Qf2 O-O-O 20. Nge2 Rh8 21. a3
Qc5 22. Qxc5 Nxc5 23. Bf3 Rh3 24. Ng1 Rh2 25. Rd2 Rh4 26. f5 Bh7 27. f6 Nxe5 28.
Nxd5 Nxf3 29. Ne7+ Kc7 30. Nxf3 Rxg4 31. b4 Ne4 32. Rh2 Nxf6 33. Rd2 Nd7 34. Kb2
Rg3 35. Nd4 Kd8 36. Rh2 Nf6 37. Nec6+ bxc6 38. Nxc6+ Kc7 39. Ne5 Bg6 40. a4 Ng4 0-1

[Event "Reykjavik Open 2015"]
[Site "Reykjavik ISL"]
[Date "2015.03.17"]
[Round "9.86"]
[White "Skovgaard, Tom"]
[Black "Ingason, Sigurdur"]
[Result "1-0"]
[WhiteElo "2042"]
[BlackElo "1880"]
[WhiteFideId "1406337"]
[BlackFideId "2301709"]
[EventDate "2015.03.10"]

1. e4 e5 2. Nf3 Nf6 3. Nxe5 d6 4. Nf3 Nxe4 5. d4 d5 6. Bd3 Nc6 7. O-O Be7 8. Re1
Bg4 9. c3 f5 10. a4 O-O 11. Nbd2 Bh4 12. g3 Bg5 13. Be2 Bf6 14. Nf1 Kh8 15. Ne3
Bxf3 16. Bxf3 Ne7 17. Qd3 f4 18. Nxd5 Nxf2 19. Kxf2 Nxd5 20. Kg2 c6 21. Bd2 Qd7
22. Re4 fxg3 23. hxg3 Qf5 24. Rf1 Qg6 25. Be2 Rae8 26. Rxe8 Rxe8 27. Rf2 Qxd3
28. Bxd3 Ne3+ 29. Kf3 Bg5 30. Rh2 Rf8+ 31. Ke2 h6 32. Ke1 Rf3 33. g4 Nxg4 34.
Rg2 Bh4+ 35. Ke2 Rf2+ 36. Rxf2 Nxf2 37. Bf5 Nh1 38. Kf3 Ng3 39. Bc8 b6 40. Bf4
Nh5 41. Bb8 Bd8 42. Bxa7 Nf6 43. Bb7 g5 44. Bxc6 Bc7 45. d5 h5 46. d6 Bxd6 47.
Bxb6 g4+ 48. Ke2 h4 49. a5 1-0

[Event "Reykjavik Open 2015"]
[Site "Reykjavik ISL"]
[Date "2015.03.17"]
[Round "9.87"]
[White "Lunn, Matthew"]
[Black "Andersen, Dag"]
[Result "1-0"]
[WhiteElo "2034"]
[BlackElo "1843"]
[WhiteFideId "405485"]
[BlackFideId "1504568"]
[EventDate "2015.03.10"]

1. d4 d5 2. c4 e6 3. Nc3 c6 4. e4 dxe4 5. Nxe4 Bb4+ 6. Bd2 Qxd4 7. Bxb4 Qxe4+ 8.
Be2 Nd7 9. Qd6 Qe5 10. O-O-O Qxd6 11. Bxd6 Ne7 12. g4 c5 13. Bf3 Nc6 14. Bxc6
bxc6 15. Nf3 f6 16. Rhe1 Kf7 17. Nd2 h5 18. g5 Re8 19. Ne4 e5 20. Bc7 Rg8 21.
Rd6 f5 22. g6+ Kf8 23. Re6 fxe4 24. Bd6# 1-0

[Event "Reykjavik Open 2015"]
[Site "Reykjavik ISL"]
[Date "2015.03.17"]
[Round "9.88"]
[White "Birkisson, Bjorn Holm"]
[Black "Cabello Aguilar, Enrique"]
[Result "1/2-1/2"]
[WhiteElo "1845"]
[BlackElo "2015"]
[WhiteFideId "2310600"]
[BlackFideId "2231115"]
[EventDate "2015.03.10"]

1. e4 c5 2. d4 cxd4 3. c3 Nf6 4. e5 Nd5 5. Nf3 Nc6 6. Bc4 Nb6 7. Bb3 d5 8. exd6
Qxd6 9. O-O Be6 10. Na3 Bxb3 11. Qxb3 e6 12. Nb5 Qb8 13. Nbxd4 Be7 14. Qb5 Qc7
15. Nxc6 bxc6 16. Qe5 Qxe5 17. Nxe5 Rc8 18. Be3 f6 19. Nd3 Kf7 20. b3 Rhd8 21.
Rfd1 Nd5 22. Bd2 e5 23. c4 e4 24. Nf4 Nb6 25. Be3 g5 26. Ne2 Rd3 27. Rxd3 exd3
28. Nd4 Kg6 29. g4 Nd7 30. Nf3 Bc5 31. Rd1 Bxe3 32. fxe3 Re8 33. Rxd3 Nc5 34.
Rd6 Rxe3 35. Rxc6 Nd3 36. Nd4 Re4 37. Nb5 Rxg4+ 38. Kf1 Rh4 39. Rd6 Ne5 40. Kg2
Rg4+ 41. Kf2 Rf4+ 42. Kg2 Rg4+ 43. Kf2 Rf4+ 44. Kg2 Rg4+ 1/2-1/2

[Event "Reykjavik Open 2015"]
[Site "Reykjavik ISL"]
[Date "2015.03.17"]
[Round "9.89"]
[White "Simpson, Ben"]
[Black "Gschwendtner, Stanislav"]
[Result "0-1"]
[WhiteElo "1843"]
[BlackElo "2009"]
[WhiteFideId "444405"]
[BlackFideId "307297"]
[EventDate "2015.03.10"]

1. e4 c5 2. Nf3 d6 3. d4 cxd4 4. Nxd4 Nf6 5. Nc3 g6 6. Be3 Bg7 7. h3 Nc6 8. g4
e5 9. Ndb5 Bf8 10. g5 a6 11. gxf6 axb5 12. Nxb5 Be6 13. a3 Rc8 14. Bg2 Bc4 15.
Nc3 Qxf6 16. Qd2 Be7 17. h4 Nd4 18. Rh3 b5 19. Bg5 Qe6 20. Re3 Bxg5 21. hxg5 Qg4
22. Rg3 Qf4 23. O-O-O Ne2+ 24. Nxe2 Bxe2 25. Rg1 h5 26. gxh6 Rxh6 27. Qxf4 exf4
28. Rg5 Ke7 29. Kd2 f6 30. Rd5 Bc4 31. Rd4 Rh2 32. b3 Be6 33. Rb4 Rc5 34. Bf1
Rxf2+ 35. Ke1 Rcxc2 36. Rxg6 Rh2 37. Rd4 Bxb3 38. Rd1 f3 39. Rb1 Ra2 40. Bg2 f2+ 0-1

[Event "Reykjavik Open 2015"]
[Site "Reykjavik ISL"]
[Date "2015.03.17"]
[Round "9.90"]
[White "Arroyo Figuero, Fernando"]
[Black "Hansen, Lars-Henrik Bech"]
[Result "0-1"]
[WhiteElo "1835"]
[BlackElo "1994"]
[WhiteFideId "22218769"]
[BlackFideId "1402021"]
[EventDate "2015.03.10"]

1. e4 d6 2. d4 Nf6 3. Nc3 g6 4. Nf3 Bg7 5. Be2 O-O 6. O-O Nbd7 7. Bf4 c5 8. e5
Nh5 9. Qd2 cxd4 10. Qxd4 dxe5 11. Bxe5 Nxe5 12. Qb4 Nc6 13. Qc5 Nf4 14. Bc4 Bg4
15. Bxf7+ Rxf7 16. Ng5 Rf5 17. Qc4+ e6 18. Nxe6 Nxe6 19. Qxe6+ Kh8 20. f3 Qf8
21. Ne4 Rf4 22. fxg4 Bd4+ 23. Rf2 Rxf2 0-1

[Event "Reykjavik Open 2015"]
[Site "Reykjavik ISL"]
[Date "2015.03.17"]
[Round "9.91"]
[White "Jonsson, Pall G"]
[Black "Valtysson, Thor"]
[Result "0-1"]
[WhiteElo "1833"]
[BlackElo "1974"]
[WhiteFideId "2303205"]
[BlackFideId "2301903"]
[EventDate "2015.03.10"]

1. b4 d5 2. Bb2 Bf5 3. e3 e6 4. Nf3 Nf6 5. b5 c5 6. c4 dxc4 7. Bxc4 Nbd7 8. a4
Nb6 9. Be2 Be7 10. O-O O-O 11. d4 cxd4 12. Nxd4 Bg6 13. Bf3 Ne4 14. Qe2 Rc8 15.
Rd1 Qc7 16. Nd2 Nxd2 17. Rxd2 Bb4 18. Rdd1 Qe7 19. e4 Nc4 20. Bc1 Rfd8 21. Be3
Nxe3 22. fxe3 Qc7 23. Rac1 Qxc1 24. Rxc1 Rxc1+ 25. Kf2 Be1+ 26. Qxe1 Rxe1 27.
Kxe1 e5 28. Nc2 Rc8 29. Kd2 Rc4 30. a5 Ra4 31. Kc3 f6 32. Kb3 Rxa5 33. Kb4 Ra2
34. Kc3 Bf7 35. Be2 Kf8 36. Bd3 Ke7 37. Be2 Kd6 38. Bf1 Kc5 39. Bd3 Bc4 40. Bxc4
Rxc2+ 41. Kxc2 Kxc4 42. b6 a6 43. h3 Kc5 0-1

[Event "Reykjavik Open 2015"]
[Site "Reykjavik ISL"]
[Date "2015.03.17"]
[Round "9.92"]
[White "Hansen, Tommy"]
[Black "Stam, Bart"]
[Result "1/2-1/2"]
[WhiteElo "1807"]
[BlackElo "1972"]
[WhiteFideId "1511009"]
[BlackFideId "1006240"]
[EventDate "2015.03.10"]

1. e4 c5 2. Nc3 Nc6 3. Bb5 Nd4 4. Bc4 g6 5. d3 Bg7 6. Nge2 e6 7. Nxd4 cxd4 8.
Ne2 b5 9. Bb3 Ne7 10. f4 f5 11. O-O Bb7 12. e5 Qb6 13. Qe1 Nc6 14. Bd2 a5 15. a3
O-O 16. Qf2 Ra6 17. c3 a4 18. Ba2 dxc3 19. Qxb6 Rxb6 20. Nxc3 Ba6 21. Be3 Rb7
22. Rfd1 Na5 23. Bc5 Rc8 24. Bb4 Nc6 25. Bd6 Nd4 26. Rac1 Bf8 27. Bxf8 Kxf8 28.
Kf2 Rbc7 29. Ke3 Nc6 30. d4 Na5 31. Rd2 Nc4+ 32. Bxc4 Rxc4 33. Rcd1 d5 34. exd6
Rd8 35. d7 Rxd7 36. g3 Re7 37. Kf2 b4 38. Nxa4 bxa3 39. Nc5 axb2 40. Rxb2 Bc8
41. Rb8 Re8 42. Ke3 Rc3+ 43. Rd3 Rxd3+ 44. Kxd3 Ke7 45. Kc4 1/2-1/2

[Event "Reykjavik Open 2015"]
[Site "Reykjavik ISL"]
[Date "2015.03.17"]
[Round "9.93"]
[White "Babijczuk, Pawel"]
[Black "Kristjansson, Halldor Atli"]
[Result "1-0"]
[WhiteElo "1950"]
[BlackElo "1335"]
[WhiteFideId "1129120"]
[BlackFideId "2310988"]
[EventDate "2015.03.10"]

1. d3 d5 2. e4 dxe4 3. dxe4 Qxd1+ 4. Kxd1 e5 5. Be3 Nf6 6. f3 Bd6 7. c3 Be6 8.
Kc2 O-O 9. Nd2 Nc6 10. Nh3 h6 11. Nf2 Rad8 12. g4 Rd7 13. h4 Rfd8 14. Bd3 h5 15.
Rag1 a6 16. Nb3 Bxb3+ 17. axb3 Bf8 18. Rd1 b5 19. Rhg1 g6 20. Bg5 Kg7 21. Bxf6+
Kxf6 22. gxh5 gxh5 23. Rg5 Be7 24. Rxh5 Kg6 25. Rf5 Bxh4 26. Rg1+ Kh6 27. Rh1
Kg6 28. Rxh4 f6 29. Rfh5 b4 30. Rh6+ Kf7 31. Rh7+ 1-0

[Event "Reykjavik Open 2015"]
[Site "Reykjavik ISL"]
[Date "2015.03.17"]
[Round "9.94"]
[White "De Winter, Eric"]
[Black "Korning, Peter"]
[Result "0-1"]
[WhiteElo "1776"]
[BlackElo "1944"]
[WhiteFideId "1033069"]
[BlackFideId "1723332"]
[EventDate "2015.03.10"]

1. d4 d5 2. Nf3 c5 3. e3 Nc6 4. Be2 e6 5. O-O Nf6 6. c4 cxd4 7. exd4 dxc4 8.
Bxc4 Be7 9. Nc3 O-O 10. Bf4 a6 11. a3 b5 12. Ba2 Bb7 13. Re1 Rc8 14. d5 exd5 15.
Nxd5 Nxd5 16. Bxd5 Bf6 17. Bd6 Re8 18. Qd2 Rxe1+ 19. Rxe1 Na5 20. Bxb7 Nxb7 21.
Be5 Qxd2 22. Nxd2 Bxe5 23. Rxe5 Rc1+ 24. Nf1 Kf8 25. g3 Nd6 26. Re2 Nc4 27. Kg2
Rb1 28. Kf3 Rxf1 29. b3 Nxa3 30. Ra2 b4 31. Rd2 Rb1 32. Rd3 Ke7 33. Ke4 Nb5 34.
Kd5 Rd1 0-1

[Event "Reykjavik Open 2015"]
[Site "Reykjavik ISL"]
[Date "2015.03.17"]
[Round "9.96"]
[White "Strand, Kjetil"]
[Black "Davidsson, Oskar Vikingur"]
[Result "1/2-1/2"]
[WhiteElo "2037"]
[BlackElo "1454"]
[WhiteFideId "1503111"]
[BlackFideId "2310627"]
[EventDate "2015.03.10"]

1. e4 c5 2. Nf3 e6 3. d4 cxd4 4. Nxd4 a6 5. Nc3 Qc7 6. Bd3 Nc6 7. Be3 b5 8. O-O
Bb7 9. Qe2 Nf6 10. f4 Nxd4 11. Bxd4 Bc5 12. Bxc5 Qxc5+ 13. Kh1 O-O 14. e5 Nd5
15. Ne4 Qc6 16. Qh5 h6 17. Rf3 f5 18. exf6 Nxf6 19. Nxf6+ Rxf6 20. Rg3 Raf8 21.
Re1 R8f7 22. f5 Qd5 23. Qe2 exf5 24. c4 Qd4 25. cxb5 Re6 26. Re3 Rfe7 27. Bc4
Bd5 28. Bxd5 Qxd5 29. Rxe6 Rxe6 30. Qf2 Rxe1+ 31. Qxe1 Qxb5 32. b3 a5 33. h3 Kh7
34. Qb1 Qd5 35. a3 Qc5 36. b4 Qb5 37. g4 Qd5+ 38. Kg1 Qd4+ 39. Kg2 Qd2+ 40. Kf1
Qf4+ 41. Kg2 Qd2+ 1/2-1/2

[Event "Reykjavik Open 2015"]
[Site "Reykjavik ISL"]
[Date "2015.03.17"]
[Round "9.97"]
[White "Runarsson, Gunnar"]
[Black "Sigurdsson, Birkir Karl"]
[Result "1/2-1/2"]
[WhiteElo "2049"]
[BlackElo "1767"]
[WhiteFideId "2301768"]
[BlackFideId "2304180"]
[EventDate "2015.03.10"]

1. e4 e6 2. d4 d5 3. exd5 exd5 4. c4 c6 5. cxd5 cxd5 6. Nf3 Nc6 7. Be2 Nf6 8.
O-O Be7 9. Nc3 O-O 10. Bf4 Bf5 11. Ne5 Ne4 12. Nxe4 Nxe5 13. Ng3 Ng6 14. Nxf5
Nxf4 15. Bf3 Bf6 16. Ne3 Qb6 17. g3 Ne6 18. Nxd5 Qxd4 19. Qxd4 Bxd4 20. Rab1
Rab8 21. Rfd1 Rfd8 22. h4 h6 23. b3 Rd7 24. Kg2 Rbd8 25. Nb4 Bc5 26. Nc2 Rd2 27.
Ne1 Rxf2+ 28. Kh3 Rdd2 29. Rxd2 Rxd2 30. Bxb7 Rxa2 31. Bd5 Rd2 32. Bc4 Bb6 33.
Nd3 Bc7 1/2-1/2

[Event "Reykjavik Open 2015"]
[Site "Reykjavik ISL"]
[Date "2015.03.17"]
[Round "9.98"]
[White "Kjartansson, Dagur"]
[Black "Murray, Michael A."]
[Result "1/2-1/2"]
[WhiteElo "1756"]
[BlackElo "2008"]
[WhiteFideId "2303299"]
[BlackFideId "2609126"]
[EventDate "2015.03.10"]

1. Nf3 Nc6 2. g3 e5 3. d3 d6 4. Bg2 Be7 5. a3 f5 6. c4 Nf6 7. Nc3 O-O 8. b4 Qe8
9. Bb2 Qh5 10. e3 f4 11. Qe2 fxe3 12. fxe3 Bh3 13. Bxh3 Qxh3 14. O-O-O Qh6 15.
h3 Rf7 16. g4 Nd4 17. Nxd4 exd4 18. Nb5 c5 19. Kc2 a6 20. Nc7 Rc8 21. Ne6 Qxe3
22. Qxe3 dxe3 23. Rde1 cxb4 24. axb4 d5 25. c5 Bf8 26. Rxe3 a5 27. Kb3 axb4 28.
Nxf8 Kxf8 29. Be5 Nd7 30. Bd6+ Kg8 31. Kxb4 b6 32. d4 bxc5+ 33. dxc5 Rf2 34.
Rhe1 Nf6 35. Ra1 h6 36. Be5 Rc2 37. Bd6 Kh7 1/2-1/2

[Event "Reykjavik Open 2015"]
[Site "Reykjavik ISL"]
[Date "2015.03.17"]
[Round "9.99"]
[White "Undheim, Bjarne"]
[Black "Burgisser, Claude"]
[Result "1-0"]
[WhiteElo "1926"]
[BlackElo "1724"]
[WhiteFideId "1506862"]
[BlackFideId "656801"]
[EventDate "2015.03.10"]

1. e4 e6 2. d4 d5 3. Nd2 dxe4 4. Nxe4 Nd7 5. Nf3 Ngf6 6. Bd3 b6 7. Qe2 Bb7 8.
O-O h6 9. c4 Nxe4 10. Bxe4 Bxe4 11. Qxe4 Bd6 12. d5 e5 13. Nd4 O-O 14. Nf5 Nf6
15. Qh4 Nh7 16. Qg4 Qf6 17. Nxh6+ Kh8 18. Nf5 g6 19. Ng3 Qg7 20. Qh3 Rfe8 21.
Ne4 f6 22. Bh6 Qf7 23. Rab1 a5 24. Bd2 Kg8 25. Rbd1 Be7 26. f4 exf4 27. Bxf4 Bf8
28. Qd3 f5 29. Ng5 Nxg5 30. Bxg5 Bd6 31. Bf4 Bc5+ 32. Kh1 Rad8 33. Qg3 Rd7 34.
Rfe1 Rde7 35. Rxe7 Rxe7 36. Re1 Rxe1+ 37. Qxe1 Bb4 38. Qe2 Bd6 39. Bxd6 cxd6 40.
Qe3 Qc7 41. b3 Kg7 42. h4 Qd8 43. g3 Qf6 44. Qxb6 f4 45. Qf2 Qa1+ 46. Kg2 fxg3
47. Kxg3 Qe5+ 48. Kf3 Qh5+ 49. Ke3 Qe5+ 50. Kd3 Kg8 51. Qe3 Qf5+ 52. Kd2 Qf8 53.
a3 Qg7 54. Qe6+ Kh7 55. Qxd6 Qb2+ 56. Kd3 Qxb3+ 57. Kd4 Qb2+ 58. Ke4 Qc2+ 59.
Ke5 Qxc4 60. Qe7+ Kh6 61. Qg5+ Kh7 62. d6 Qc5+ 63. Ke6 Qxa3 64. Qe7+ Kh6 65. d7
Qb3+ 66. Ke5 Qb2+ 67. Kd5 Qb3+ 68. Kc6 Qc4+ 69. Qc5 Qe4+ 70. Kc7 Qf4+ 71. Kc8
Qg4 72. Qg5+ 1-0

[Event "Reykjavik Open 2015"]
[Site "Reykjavik ISL"]
[Date "2015.03.17"]
[Round "9.100"]
[White "Densing, Gerd"]
[Black "Steingrimsson, Karl Egill"]
[Result "0-1"]
[WhiteElo "1903"]
[BlackElo "1720"]
[WhiteFideId "24621013"]
[BlackFideId "2304791"]
[EventDate "2015.03.10"]

1. d4 Nf6 2. Nf3 e6 3. e3 d5 4. Bd3 Be7 5. O-O O-O 6. b3 b6 7. Bb2 Bb7 8. Nbd2
Nbd7 9. Ne5 c5 10. f4 Rc8 11. Qe2 Ne4 12. Rf3 f5 13. Bxe4 Nxe5 14. fxe5 dxe4 15.
Rff1 cxd4 16. Bxd4 Rxc2 17. Rfc1 Qc7 18. Qd1 Rc8 19. Rcb1 Rc6 20. b4 Qd7 21. a3
Rc2 22. Rc1 Qa4 23. Rxc2 Qxc2 24. g3 Ba6 25. Qxc2 Rxc2 26. Nb3 Bc4 27. Nc1 h5
28. Rb1 h4 29. a4 h3 30. a5 Bxb4 31. axb6 axb6 32. Bxb6 Ba3 33. Nb3 Bd3 34. Kh1
Rf2 35. Nd4 0-1

[Event "Reykjavik Open 2015"]
[Site "Reykjavik ISL"]
[Date "2015.03.17"]
[Round "9.101"]
[White "Nilsen, Tobias Lang"]
[Black "Jonsson, Olafur Gisli"]
[Result "0-1"]
[WhiteElo "1761"]
[BlackElo "1899"]
[WhiteFideId "1521624"]
[BlackFideId "2302705"]
[EventDate "2015.03.10"]

1. e4 e5 2. Nf3 Nc6 3. Bc4 Nf6 4. O-O Bc5 5. d4 Bxd4 6. Nxd4 exd4 7. e5 d5 8.
exf6 dxc4 9. fxg7 Rg8 10. Qh5 Be6 11. Re1 Qf6 12. Bg5 Qf5 13. g4 Qg6 14. Qxg6
hxg6 15. Bf6 Kd7 16. h3 Nb4 17. Na3 c5 18. c3 dxc3 19. bxc3 Nd3 20. Re4 Kc6 21.
Nxc4 Bxc4 22. Rxc4 Rae8 23. f3 b5 24. Re4 Rxe4 25. fxe4 Nf4 26. h4 Ne6 27. h5
gxh5 28. gxh5 Nxg7 29. h6 Nh5+ 30. Bg7 Nxg7 31. hxg7 Rxg7+ 32. Kf2 Rh7 33. Kg3
a5 34. a3 b4 35. cxb4 axb4 36. axb4 cxb4 37. Kf3 Kc5 38. Ke3 Kc4 39. Kd2 Rh2+
40. Ke3 Kc3 41. Ra7 Rh3+ 42. Ke2 Kc2 43. Rxf7 b3 44. e5 b2 45. Rb7 b1=Q 46. Rxb1
Kxb1 47. e6 Rh6 0-1